| 000 -LEADER |
| fixed length control field |
00943nam a2200241Ia 4500 |
| 001 - CONTROL NUMBER |
| control field |
2727 |
| 003 - CONTROL NUMBER IDENTIFIER |
| control field |
GE_BSU |
| 005 - DATE AND TIME OF LATEST TRANSACTION |
| control field |
20221027135238.0 |
| 008 - FIXED-LENGTH DATA ELEMENTS--GENERAL INFORMATION |
| fixed length control field |
181216s2008ru xx |||||||||||||| ||rus|| |
| 020 ## - INTERNATIONAL STANDARD BOOK NUMBER |
| International Standard Book Number |
9789941123863 |
| 040 ## - CATALOGING SOURCE |
| Transcribing agency |
GE_BSU |
| 041 ## - LANGUAGE CODE |
| Language code of text/sound track or separate title |
rus |
| 080 ## - UNIVERSAL DECIMAL CLASSIFICATION NUMBER |
| Universal Decimal Classification number |
94(479.22) Д-40 |
| 100 ## - MAIN ENTRY--PERSONAL NAME |
| Personal name |
Джапаридзе Анания Метрополит. |
| 9 (RLIN) |
15584 |
| 245 ## - TITLE STATEMENT |
| Title |
Месхети : |
| Remainder of title |
мусульманизация грузин / |
| Statement of responsibility, etc. |
Митрополит Анания Джапаридзе . |
| 264 ## - PRODUCTION, PUBLICATION, DISTRIBUTION, MANUFACTURE, AND COPYRIGHT NOTICE |
| Place of production, publication, distribution, manufacture |
Тбилиси : |
| Name of producer, publisher, distributor, manufacturer |
Универсал, |
| Date of production, publication, distribution, manufacture, or copyright notice |
2008. |
| 300 ## - PHYSICAL DESCRIPTION |
| Extent |
50 стр.: |
| Other physical details |
20 см. |
| 440 ## - SERIES STATEMENT/ADDED ENTRY--TITLE |
| Title |
Историческая судьба грузин, оторванных от грузинской церкви |
| 9 (RLIN) |
15585 |
| 500 ## - GENERAL NOTE |
| General note |
Библиогр.: с. 50-51. |
| 653 ## - INDEX TERM--UNCONTROLLED |
| keyword |
Месхети. Мусудьманизация грузин |
| 653 ## - INDEX TERM--UNCONTROLLED |
| keyword |
მესხეთის ისტორია. |
| 942 ## - ADDED ENTRY ELEMENTS (KOHA) |
| Koha item type |
წიგნი |
| Source of classification or shelving scheme |
|